000 00413cam a2200169 4500
001 D13320
008 090401t1900 xxu||||| |||| 00| 0 eng d
035 _a(Sirsi) u8992
041 _aeng
100 _aLove, Charles H
245 4 _aThe tribunal of appeal under the Laida Building Acts
260 _aLondon
_bP S King and Co
_c1900
350 _a0
520 _aShelf 118
942 _n0
948 _c04/03/1997
999 _c86587
_d86587